000 00833nam a22002057a 4500
999 _c14353
_d14353
003 AR-CdUCM
008 190422b ||||| |||| 00| 0 spa d
020 _a978-607-404-655-7
040 _aMUNICIPALIDAD PROVINCIAL DEL CUSCO
_cBIBLIOTECA MUNICIPAL DEL CUSCO
082 _aES / 620.19 /
_bG78
100 _aGray, Theodore
_930476
245 _aCiencia loca :
_bExperimentos que puedes pero que probablemente no deberías realizar en casa /
260 _aMéxico :
_bSilver Dolphin,
_c2012.
300 _a239 páginas ;
_c26 cm.
505 _aContenido :Cocina experimental -- Hágalo usted mismo del juicio final -- Jugando con fuego -- Maravillas naturales -- Un nuevo giro a la clase de taller ...
650 _aCiencias puras
_920725
650 _aCiencias naturales
_910176
942 _2ddc
_cLIBROS
945 _arum
_d2019-04-22